Statistics for Atlantic Ocean Countries

Click here to take the quiz!

General Stats

  • This quiz has been taken 215 times
    (94 since last reset)
  • The average score is 65 of 82

Answer Stats

Hint Answer % Correct
Canada
100%
United States
100%
United Kingdom
96%
Mexico
96%
France
94%
Morocco
94%
Brazil
94%
Spain
93%
Portugal
92%
Iceland
92%
Norway
90%
Republic of Ireland
90%
Sweden
90%
Guinea
90%
Netherlands
90%
South Africa
89%
Haiti
87%
Denmark
87%
Belgium
87%
Argentina
87%
Italy
87%
Germany
86%
Dominica
86%
Guyana
86%
Namibia
85%
Suriname
85%
Togo
85%
Angola
85%
Cuba
85%
Barbados
83%
The Gambia
83%
Senegal
83%
Benin
82%
Finland
82%
Croatia
80%
Russia
80%
Greece
80%
Bahamas
80%
Trinidad and Tobago
80%
Saint Vincent and the Grenadines
80%
Cameroon
80%
Egypt
79%
Sierra Leone
79%
Antigua and Barbuda
79%
Guinea-Bissau
79%
Equatorial Guinea
79%
Gabon
79%
Ghana
79%
Dominican Republic
79%
Saint Lucia
79%
Saint Kitts and Nevis
79%
Turkey
77%
Cote D'Ivoire
77%
Liberia
76%
Tunisia
76%
Albania
76%
Monaco
75%
Libya
75%
Poland
75%
Republic of Congo
75%
Algeria
73%
Venezuela
73%
Democratic Republic of Congo
73%
Estonia
73%
Lithuania
73%
Jamaica
73%
Mauritania
73%
Latvia
73%
Cape Verde
72%
Montenegro
72%
Uruguay
72%
Slovenia
69%
Grenada
69%
Sao Tome and Principe
68%
Nigeria
68%
Israel
66%
Cyprus
65%
Lebanon
61%
Malta
61%
Syria
59%
Chile
49%
San Marino
15%

Score Distribution

Percentile by Number Answered

Percent of People with Each Score

Your Score History

You have not taken this quiz since the last reset